| Поле | Инд. | ПП | Название | Значение |
|---|---|---|---|---|
| Тип записи | a | |||
| Библиографический уровень | m | |||
| 001 | Контрольный номер | 72ad1bf93cd2474b988a1cda7218697b | ||
| 005 | Дата корректировки | 20240925083057.5 | ||
| 040 | a | Служба первич. каталог. | НБ ТвГУ | |
| b | Код языка каталог. | rus | ||
| e | Правила каталог. | PSBO | ||
| 041 | 0_ | a | Код языка текста | rus |
| 080 | a | Индекс УДК | 811.111(043.3) | |
| 084 | a | Индекс другой классификации/Индекс ББК | Ш143.21-006я031 | |
| 090 | a | Полочн. индекс | Ш143.21 | |
| x | Авторский знак | Н 76 | ||
| 097 | b | Оператор | Semenova.ZR | |
| 100 | 1_ | a | Автор | Новоселова Ольга Владимировна |
| e | Роль лиц | Автор | ||
| 245 | 10 | a | Заглавие | Предвыборные менасивы в политической коммуникации США: когнитивно-дискурсивный аспект |
| b | Продолж. заглавия | автореферат диссертации ... доктора филологических наук : 10.02.04 - Германские языки | ||
| c | Ответственность | О. В. Новоселова; научный руководитель А. А. Романов | ||
| 260 | c | Дата издания | 2022 | |
| a | Место издания | Тверь | ||
| b | Издательство | б. и. | ||
| 300 | a | Объем | 42 с. | |
| b | Иллюстрации/ тип воспроизводства | табл. | ||
| 500 | a | Примечание | На правах рукописи | |
| 502 | a | Примечание о диссертации | Защищена: 2.06.2022 | |
| 504 | a | Библиография | Библиогр.: с. 35-42 (86 назв.) | |
| 653 | 0_ | a | Ключевые слова | Германские языки |
| a | Ключевые слова | Английский язык | ||
| a | Ключевые слова | Германское языкознание | ||
| a | Ключевые слова | Германское языкознание | ||
| a | Ключевые слова | Языкознание | ||
| a | Ключевые слова | Язык и речь | ||
| a | Ключевые слова | Лингвистика | ||
| a | Ключевые слова | Лингвистическая стилистика | ||
| a | Ключевые слова | Речевое поведение | ||
| a | Ключевые слова | Авторефераты | ||
| a | Ключевые слова | Докторские диссертации | ||
| 700 | 12 | a | Другие авторы | Романов Алексей Аркадьевич |
| e | Роль лиц | Научный консультант | ||
| 700 | 12 | a | Другие авторы | Иванова Светлана Викторовна |
| e | Роль лиц | Оппонент | ||
| 700 | 12 | a | Другие авторы | Слышкин Геннадий Геннадьевич |
| e | Роль лиц | Оппонент | ||
| 700 | 12 | a | Другие авторы | Чанышева Зульфира Закиевна |
| e | Роль лиц | Оппонент | ||
| 710 | 12 | a | Организация/ юрисдикция | Тверской государственный университет |
| e | Роль коллектива | место выполнения работы, место защиты | ||
| 710 | 12 | a | Организация/ юрисдикция | Тверская государственная сельскохозяйственная академия |
| e | Роль коллектива | место выполнения работы | ||
| 710 | 12 | a | Организация/ юрисдикция | Волгоградский государственный социально-педагогический университет |
| e | Роль коллектива | ведущая организация | ||
| 901 | t | Тип документа | d | |
| 920 | a | Оператор | Семен | |
| a | Оператор | Петр | ||
| 930 | a | Новая/Ретро | новая | |
| 952 | c | Вид литературы | А/Р н | |
| 954 | b | Дата поступления в ОК | 20231213 | |
| a | Дата поступления на обработку | 20240618 |